[Event "GER-chT North U12"]
[Site "Magdeburg"]
[Date "2013.09.14"]
[Round "6.3"]
[White "Stahl, Alexander"]
[Black "Lange, Johannes Friedrich"]
[Result "1-0"]
[WhiteElo "1171"]
[BlackElo "1225"]
[PlyCount "69"]
[EventDate "2013.09.12"]
[EventType "team-swiss"]
[EventRounds "7"]
[EventCountry "GER"]
[SourceTitle "EXT 2014"]
[Source "ChessBase"]
[SourceDate "2013.11.20"]
[SourceVersion "1"]
[SourceVersionDate "2013.11.20"]
[SourceQuality "1"]
[WhiteTeam "Hamburger SK"]
[BlackTeam "Berlin Schachunion"]
[WhiteTeamCountry "GER"]
[BlackTeamCountry "GER"]

1. e4 e5 2. Nf3 d5 3. exd5 Bd6 4. d4 e4 5. Ne5 Qe7 6. Nc4 f5 7. Be2 Nf6 8. Nxd6+ Qxd6 9. c4 Qb4+ 10. Qd2 Qxd2+ 11. Bxd2 0-0 12. Nc3 Nbd7 13. c5 c6 14. d6 b6 15. b4 bxc5 16. dxc5 a6 17. 0-0 Rb8 18. a3 a5 19. Rfb1 axb4 20. axb4 Nxc5 21. bxc5 Rxb1+ 22. Rxb1 Nd7 23. Na4 f4 24. Rb3 Rf5 25. h3 Nxc5 26. Nxc5 Rxc5 27. Rb8 Kf7 28. Rxc8 Ke6 29. Bxf4 Rc2 30. Bg4+ Kf6 31. d7 g5 32. d8Q+ Kg7 33. Qxg5+ Kf7 34. Rc7+ Kf8 35. Qd8# 1-0

[Event "GER-chT North U12"]
[Site "Magdeburg"]
[Date "2013.09.13"]
[Round "3.3"]
[White "Limboeck, Sebastian"]
[Black "Stahl, Alexander"]
[Result "0-1"]
[WhiteElo "1100"]
[BlackElo "1171"]
[PlyCount "76"]
[EventDate "2013.09.12"]
[EventType "team-swiss"]
[EventRounds "7"]
[EventCountry "GER"]
[SourceTitle "EXT 2014"]
[Source "ChessBase"]
[SourceDate "2013.11.20"]
[SourceVersion "1"]
[SourceVersionDate "2013.11.20"]
[SourceQuality "1"]
[WhiteTeam "Peine"]
[BlackTeam "Hamburger SK"]
[WhiteTeamCountry "GER"]
[BlackTeamCountry "GER"]

1. e4 c6 2. Nc3 d5 3. exd5 cxd5 4. d4 Nf6 5. Bb5+ Bd7 6. Bxd7+ Nbxd7 7. Bf4 e6 8. Nge2 Qb6 9. 0-0 Bd6 10. Re1 0-0 11. Rb1 Rac8 12. Bxd6 Qxd6 13. Nb5 Qb6 14. Nbc3 Rc7 15. Qd3 Rfc8 16. Rec1 Qa5 17. b4 Qb6 18. Rb2 Rc4 19. a3 Qa6 20. Rb3 Nb6 21. a4 Nxa4 22. Ra1 b5 23. Rba3 Rxb4 24. Nxb5 Qxb5 25. Qxb5 Rxb5 26. Rxa4 Rxc2 27. Rxa7 h6 28. Ng3 Rbb2 29. Rf1 Ng4 30. Ra8+ Kh7 31. Ra7 Nxf2 32. Rxf7 Nh3+ 33. Kh1 Rxg2 34. Rxg7+ Kxg7 35. Nh5+ Kg6 36. Nf4+ Nxf4 37. Rxf4 Rgc2 38. Rf1 Rxh2+ 0-1